10 Biggest Cities in Each Argentinian Province - Statistics

General Stats
  • This quiz has been taken 18 times
  • The average score is 32 of 225
Answers on the Map
Answers color-coded by a green-red scale on the quiz's map according to % correct below.
 
Answer Stats
Province Population Answer % Correct
Cordoba 1,317,298 Córdoba
100%
Buenos Aires (City) 3,121,707 Buenos Aires
93%
Mendoza 114,893 Mendoza
80%
Santa Fe 948,312 Rosario
80%
Buenos Aires (Province) 593,337 Mar del Plata
73%
San Juan 109,123 San Juan
67%
Tierra del Fuego 56,593 Ushuaia
67%
Corrientes 346,334 Corrientes
60%
Buenos Aires (Province) 643,133 La Plata
60%
San Luis 169,947 San Luis
60%
Santa Fe 391,164 Santa Fe
60%
Catamarca 159,139 Catamarca
53%
Neuquén 231,198 Neuquén
53%
Formosa 222,226 Formosa
47%
Salta 520,683 Salta
47%
Santiago del Estero 252,192 Santiago del Estero
47%
Chubut 175,196 Comodoro Rivadavia
40%
La Rioja 178,872 La Rioja
40%
Santa Cruz 95,796 Río Gallegos
40%
Mendoza 79,476 San Martín
40%
Río Negro 52,789 Viedma
40%
Chubut 24,616 Rawson
33%
San Juan 109,424 Rawson
33%
Tucumán 548,866 San Miguel de Tucumán
33%
Chubut 97,915 Trelew
33%
Tucumán 49,782 Concepción
27%
Chubut 81,315 Puerto Madryn
27%
Buenos Aires (Province) 582,943 Quilmes
27%
Cordoba 157,010 Río Cuarto
27%
Cordoba 61,750 San Francisco
27%
Catamarca 10,242 San José
27%
Catamarca 11,648 Santa María
27%
La Pampa 102,860 Santa Rosa
27%
Entre Ríos 149,450 Concordia
20%
Santa Cruz 16,655 El Calafate
20%
Entre Ríos 40,507 Gualeguay
20%
Buenos Aires (Province) 459,263 Lanús
20%
Entre Ríos 247,139 Paraná
20%
Misiones 275,028 Posadas
20%
Misiones 30,846 Posadas
20%
Misiones 41,062 Puerto Iguazú
20%
Chaco 290,723 Resistencia
20%
Tierra del Fuego 66,475 Río Grande
20%
Río Negro 109,305 San Carlos de Bariloche
20%
Jujuy 59,131 San Pedro
20%
Buenos Aires (Province) 552,139 Almirante Brown
13%
Santa Cruz 51,733 Caleta Olivia
13%
Río Negro 77,713 Cipolletti
13%
Buenos Aires (Province) 426,005 Florencio Varela
13%
Chubut 4,730 Gaiman
13%
La Pampa 56,795 General Pico
13%
Río Negro 81,534 General Roca
13%
Mendoza 191,299 Godoy Cruz
13%
Entre Ríos 80,614 Gualeguaychú
13%
Mendoza 252,618 Guaymallén
13%
San Luis 12,467 Juana Koslay
13%
San Luis 10,135 Justo Daract
13%
Buenos Aires (Province) 1,775,272 La Matanza
13%
San Luis 7,374 La Toma
13%
Mendoza 82,615 Luján de Cuyo
13%
Mendoza 106,662 Maipú
13%
Buenos Aires (Province) 527,658 Merlo
13%
San Luis 17,084 Merlo
13%
Jujuy 44,750 Perico
13%
Chubut 6,775 Playa Unión
13%
Santa Fe 45,958 San Lorenzo
13%
Mendoza 118,009 San Rafael
13%
San Juan 48,087 Santa Lucía
13%
Tierra del Fuego 2,626 Tolhuin
13%
Santa Fe 75,437 Venado Tuerto
13%
Cordoba 79,351 Villa María
13%
San Luis 111,391 Villa Mercedes
13%
Neuquén 32,097 Zapala
13%
La Pampa 7,878 25 de Mayo
7%
Santa Cruz 6,145 28 de Noviembre
7%
Tucumán 32,908 Aguilares
7%
La Rioja 12,249 Aimogasta
7%
Tucumán 41,947 Alderetes
7%
Río Negro 22,859 Allen
7%
Cordoba 48,140 Alta Gracia
7%
Santiago del Estero 23,286 Añatuya
7%
Catamarca 12,600 Andalgalá
7%
Misiones 24,083 Apóstoles
7%
Tucumán 63,226 Banda del Río Salí
7%
Chaco 54,698 Barranqueras
7%
Catamarca 12,256 Belén
7%
Corrientes 29,071 Bella Vista
7%
Cordoba 33,835 Bell Ville
7%
Río Negro 17,584 Catriel
7%
San Juan 28,222 Caucete
7%
Neuquén 32,928 Centenario
7%
Entre Ríos 32,734 Chajarí
7%
La Rioja 12,919 Chamical
7%
Chaco 26,497 Charata
7%
La Rioja 11,039 Chepes
7%
La Rioja 33,724 Chilecito
7%
San Juan 87,258 Chimbas
7%
Neuquén 13,092 Chos Malal
7%
Catamarca 4,531 Chumbicha
7%
Río Negro 22,790 Cinco Saltos
7%
Santiago del Estero 9,661 Clodomira
7%
Formosa 52,837 Clorinda
7%
Entre Ríos 23,150 Colón
7%
Formosa 6,615 Comandante Fontana
7%
Santa Cruz 6,405 Comandante Luis Piedrabuena
7%
Entre Ríos 72,528 Concepción del Uruguay
7%
Corrientes 34,470 Curuzú Cuatiá
7%
Neuquén 35,465 Cutral Có
7%
La Pampa 9,253 Eduardo Castex
7%
Río Negro 17,061 El Bolsón
7%
Jujuy 13,623 El Carmen
7%
Formosa 14,228 El Colorado
7%
Misiones 57,323 Eldorado
7%
Salta 20,843 Embarcación
7%
Santa Fe 40,145 Esperanza
7%
Chubut 32,343 Esquel
7%
Tucumán 22,924 Famaillá
7%
Santiago del Estero 12,886 Fernández
7%
Catamarca 4,693 Fiambalá
7%
Chaco 32,027 Fontana
7%
Jujuy 13,300 Fraile Pintado
7%
Santiago del Estero 26,649 Frías
7%
La Pampa 12,184 General Acha
7%
Mendoza 29,909 General Alvear
7%
Salta 31,494 General Güemes
7%
Chaco 28,124 General José de San Martín
7%
Corrientes 30,666 Gobernador Igr. Valentín Virasoro
7%
Corrientes 71,606 Goya
7%
Jujuy 10,256 Humahuaca
7%
Formosa 9,429 Ibarreta
7%
Formosa 12,798 Ingeniero Guillermo N. Juárez
7%
La Pampa 7,510 Intendente Alvear
7%
Corrientes 19,575 Ituzaingó
7%
Misiones 22,762 Jardín América
7%
Cordoba 31,602 Jesús María
7%
Chaco 27,201 Juan José Castelli
7%
Neuquén 12,621 Junín de los Andes
7%
Santiago del Estero 106,441 La Banda
7%
Cordoba 31,972 La Calera
7%
Formosa 7,411 Laguna Blanca
7%
Entre Ríos 24,307 La Paz
7%
San Luis 13,182 La Punta
7%
Jujuy 16,874 La Quiaca
7%
Chaco 22,953 Las Breñas
7%
Mendoza 189,067 Las Heras
7%
Santa Cruz 17,821 Las Heras
7%
Formosa 12,399 Las Lomitas
7%
Misiones 23,339 Leandro N. Alem
7%
Jujuy 46,642 Libertador General San Martín
7%
Buenos Aires (Province) 616,279 Lomas de Zamora
7%
La Pampa 4,814 Macachín
7%
Corrientes 33,551 Mercedes
7%
La Rioja 3,494 Milagro
7%
Misiones 18,827 Montecarlo
7%
Corrientes 23,470 Monte Caseros
7%
Santiago del Estero 12,543 Monte Quemado
7%
Tucumán 23,274 Monteros
7%
Jujuy 11,591 Monterrico
7%
Buenos Aires (Province) 452,505 Moreno
7%
La Rioja 6,937 Nonogasta
7%
Misiones 63,960 Oberá
7%
La Rioja 4,547 Olta
7%
Jujuy 50,183 Palpalá
7%
Corrientes 43,251 Paso de los Libres
7%
Salta 22,439 Pichanal
7%
Santa Cruz 20,889 Pico Truncado
7%
Formosa 20,335 Pirané
7%
Neuquén 13,172 Plaza Huincul
7%
Neuquén 32,390 Plottier
7%
Chaco 89,882 Presidencia Roque Sáenz Peña
7%
Salta 18,899 Profesor Salvador Mazza
7%
Santa Cruz 14,183 Puerto Deseado
7%
Santa Cruz 7,894 Puerto San Julián
7%
Santiago del Estero 15,052 Quimilí
7%
San Luis 7,459 Quines
7%
Chaco 24,517 Quitilipi
7%
Chubut 9,098 Rada Tilly
7%
Santa Fe 91,571 Rafaela
7%
La Pampa 7,343 Realicó
7%
Santa Fe 70,549 Reconquista
7%
Catamarca 11,847 Recreo
7%
Neuquén 18,691 Rincón de los Sauces
7%
Cordoba 46,421 Río Tercero
7%
Mendoza 31,038 Rivadavia
7%
San Juan 82,582 Rivadavia
7%
Salta 24,140 Rosario de la Frontera
7%
Salta 20,795 Rosario de Lerma
7%
La Rioja 3,918 Salicas
7%
Río Negro 16,265 San Antonio Oeste
7%
Catamarca 25,674 San Isidro
7%
San Juan 10,940 San José de Jáchal
7%
Salta 28,295 San José de Metán
7%
Neuquén 27,956 San Martín de los Andes
7%
Salta 76,070 San Ramón de la Nueva Orán
7%
Jujuy 257,970 San Salvador de Jujuy
7%
San Luis 5,511 Santa Rosa del Conlara
7%
Corrientes 23,299 Santo Tomé
7%
Santa Fe 65,684 Santo Tomé
7%
Misiones 21,068 San Vicente
7%
Chubut 10,858 Sarmiento
7%
Tucumán 39,601 Tafí Viejo
7%
Salta 63,196 Tartagal
7%
Santiago del Estero 32,166 Termas de Río Hondo
7%
San Luis 6,256 Tilisarao
7%
Catamarca 11,485 Tinogasta
7%
La Pampa 11,626 Toay
7%
Chubut 6,353 Trevelin
7%
Entre Ríos 30,623 Victoria
7%
La Pampa 5,703 Victorica
7%
San Juan 15,409 Villa Aberastain
7%
Chaco 41,403 Villa Ángela
7%
San Juan 24,240 Villa Barboza
7%
Cordoba 62,423 Villa Carlos Paz
7%
Santa Fe 47,374 Villa Constitución
7%
San Juan 22,046 Villa General San Martín
7%
Santa Fe 80,769 Villa Gobernador Gálvez
7%
Entre Ríos 32,881 Villaguay
7%
Tucumán 52,960 Villa Mariano Moreno
7%
Río Negro 30,028 Villa Regina
7%
Santiago del Estero 10,996 Villa San Martín
7%
La Rioja 4,931 Villa Unión
7%
Santa Cruz 8,814 Yacimientos Río Turbio
7%
Tucumán 57,392 Yerba Buena
7%
Tierra del Fuego 129 Laguna Escondida
0%
Formosa 6,379 Palo Santo
0%
No matching quizzes found
Score Distribution
Percent of People with Each Score
Percentile by Number Answered
Your Score History
You have not taken this quiz